000 00309nam a22001337a 4500
008 180208b xxu||||| |||| 00| 0 eng d
020 _a156793188X
041 _aeng
080 _a610
100 _a4
101 _aSHM
245 _aThe Well-Managed Healthcare Organization
_cGriffith, J.R
942 _2udc
_cBK
999 _c42100
_d42100